[Event "Wolrd Chess Olympiad 2018"]
[Site "Batumi"]
[Date "2018.09.28"]
[Round "5"]
[Board "2"]
[WhiteFideId "7400330"]
[White "Lorne Ras Malaku"]
[BlackFideId "16000480"]
[Black "Nzabanita Joseph"]
[Result "1-0"]
[LiveChessVersion "1.4.8"]
[BlackElo "1849"]
[WhiteElo "2161"]

1. Nf3 {[%clk 1:30:55]} d5 {[%clk 1:29:58]} 2. c4 {[%clk 1:31:09]} e6
{[%clk 1:29:40]} 3. g3 Nf6 {[%clk 1:28:25]} 4. Bg2 {[%clk 1:31:33]} Be7
{[%clk 1:29:22]} 5. O-O O-O {[%clk 1:29:35]} 6. d4 {[%clk 1:31:06]} c6
{[%clk 1:29:11]} 7. Qc2 {[%clk 1:30:14]} Nbd7 {[%clk 1:27:31]} 8. h3
{[%clk 1:29:37]} Ne4 {[%clk 1:26:40]} 9. Nbd2 {[%clk 1:27:55]} f5
{[%clk 1:23:45]} 10. b3 {[%clk 1:27:28]} Qe8 {[%clk 1:20:13]} 11. Ne5
{[%clk 1:25:29]} Nxe5 {[%clk 1:17:45]} 12. dxe5 {[%clk 1:25:51]} Nxd2
{[%clk 1:12:12]} 13. Bxd2 {[%clk 1:25:21]} b6 {[%clk 1:08:43]} 14. a4
{[%clk 1:12:55]} Bb7 {[%clk 1:07:15]} 15. b4 {[%clk 1:08:50]} c5 {[%clk 1:02:46]}
16. b5 {[%clk 1:04:20]} Qb8 {[%clk 1:01:23]} 17. Rad1 {[%clk 0:50:28]} d4
{[%clk 0:59:47]} 18. f4 {[%clk 0:46:44]} Bxg2 {[%clk 0:58:35]} 19. Kxg2
{[%clk 0:47:13]} Qb7+ {[%clk 0:57:11]} 20. Kg1 {[%clk 0:47:33]} a5
{[%clk 0:55:52]} 21. g4 {[%clk 0:43:51]} g6 {[%clk 0:54:21]} 22. Bc1
{[%clk 0:40:56]} Rad8 {[%clk 0:48:24]} 23. Rf3 {[%clk 0:40:17]} Kf7
{[%clk 0:46:13]} 24. Kh2 {[%clk 0:36:56]} Qe4 {[%clk 0:42:50]} 25. Qd3
{[%clk 0:36:55]} Ke8 {[%clk 0:42:29]} 26. Rg1 {[%clk 0:36:58]} Kd7
{[%clk 0:41:41]} 27. Bd2 {[%clk 0:36:15]} Rg8 {[%clk 0:37:58]} 28. g5
{[%clk 0:35:31]} Kc7 {[%clk 0:37:17]} 29. h4 {[%clk 0:35:18]} Qxd3
{[%clk 0:35:56]} 30. Rxd3 {[%clk 0:33:50]} Rd7 {[%clk 0:36:06]} 31. Rh3
{[%clk 0:33:15]} Bd8 {[%clk 0:35:55]} 32. h5 {[%clk 0:31:38]} Rgg7
{[%clk 0:34:43]} 33. Rg2 {[%clk 0:31:31]} Be7 {[%clk 0:31:50]} 34. Kg1
{[%clk 0:31:37]} Bf8 {[%clk 0:30:11]} 35. Kf2 {[%clk 0:31:48]} Kb7
{[%clk 0:29:23]} 36. Rgh2 {[%clk 0:30:54]} Kc7 {[%clk 0:29:19]} 37. Ke1
{[%clk 0:27:52]} Kb7 {[%clk 0:29:11]} 38. Kd1 {[%clk 0:28:13]} Kc7
{[%clk 0:29:06]} 39. Kc2 {[%clk 0:28:34]} Kb7 {[%clk 0:29:11]} 40. Rh1
{[%clk 0:56:19]} Kc7 {[%clk 0:54:50]} 41. Bc1 {[%clk 0:53:49]} Kb7
{[%clk 0:55:02]} 42. hxg6 {[%clk 0:52:31]} hxg6 {[%clk 0:54:48]} 43. Rh8
{[%clk 0:52:33]} Rdf7 {[%clk 0:54:51]} 44. Bd2 {[%clk 0:43:45]} Kc7
{[%clk 0:54:57]} 45. Kd1 {[%clk 0:44:05]} Kb7 {[%clk 0:54:55]} 46. Ke1
{[%clk 0:44:30]} Kc7 {[%clk 0:55:06]} 47. Kf2 {[%clk 0:44:49]} Kb7
{[%clk 0:55:13]} 48. Kg3 {[%clk 0:45:04]} Kc7 {[%clk 0:55:31]} 49. R1h6
{[%clk 0:40:19]} Kb7 {[%clk 0:55:15]} 50. Kh4 {[%clk 0:39:39]} Kc7
{[%clk 0:55:22]} 51. Rxg6 {[%clk 0:38:26]} Rxg6 52. Kh5 Rgg7 {[%clk 0:51:23]} 53.
g6 {[%clk 0:38:45]} Rd7 {[%clk 0:50:09]} 54. Rxf8 {[%clk 0:39:03]} Rge7
{[%clk 0:48:46]} 55. Kg5 {[%clk 0:38:44]} d3 {[%clk 0:48:28]} 56. e3
{[%clk 0:38:45]} Rh7 {[%clk 0:45:20]} 57. gxh7 {[%clk 0:36:58]} Rxh7
{[%clk 0:45:43]} 58. Kf6 {[%clk 0:37:10]} Rh6+ {[%clk 0:43:27]} 59. Ke7
{[%clk 0:36:56]} Rg6 {[%clk 0:43:24]} 60. Rh8 {[%clk 0:36:02]} Rg2
{[%clk 0:43:40]} 61. Kxe6 {[%clk 0:36:12]} Rxd2 {[%clk 0:42:57]} 62. Rh7+
{[%clk 0:36:35]} Kc8 {[%clk 0:43:14]} 63. Rd7 {[%clk 0:36:53]} Rc2
{[%clk 0:43:04]} 64. Rxd3 {[%clk 0:37:07]} Rxc4 1-0

[Event "Wolrd Chess Olympiad 2018"]
[Site "Batumi"]
[Date "2018.09.28"]
[Round "5"]
[Board "3"]
[WhiteFideId "16000145"]
[White "Murara Urwintwari Ian"]
[BlackFideId "7400268"]
[Black "Rowe Duane"]
[Result "0-1"]
[LiveChessVersion "1.4.8"]
[BlackElo "2147"]
[WhiteElo "1677"]

1. d4 {[%clk 1:30:47]} Nf6 {[%clk 1:30:55]} 2. c4 {[%clk 1:31:04]} e6
{[%clk 1:31:13]} 3. Nc3 {[%clk 1:31:01]} c5 {[%clk 1:31:35]} 4. e3
{[%clk 1:30:05]} a6 {[%clk 1:28:38]} 5. Nf3 {[%clk 1:29:15]} Be7 {[%clk 1:25:18]}
6. Bd3 {[%clk 1:27:29]} O-O {[%clk 1:25:35]} 7. O-O {[%clk 1:26:48]} Qc7
{[%clk 1:23:32]} 8. Qc2 {[%clk 1:25:08]} Nc6 {[%clk 1:21:20]} 9. a3
{[%clk 1:24:47]} h6 {[%clk 1:06:41]} 10. d5 {[%clk 1:16:19]} Nb8 {[%clk 0:51:22]}
11. e4 {[%clk 1:11:50]} e5 {[%clk 0:47:15]} 12. Nh4 {[%clk 1:03:54]} Nh5
{[%clk 0:45:33]} 13. Nf5 {[%clk 1:02:53]} d6 {[%clk 0:45:51]} 14. Nxe7+
{[%clk 0:59:31]} Qxe7 {[%clk 0:46:12]} 15. f4 {[%clk 0:54:11]} Nxf4
{[%clk 0:40:51]} 16. Bxf4 {[%clk 0:54:38]} exf4 {[%clk 0:41:11]} 17. Rxf4
{[%clk 0:53:33]} Nd7 {[%clk 0:41:36]} 18. Raf1 {[%clk 0:50:48]} Ne5
{[%clk 0:41:39]} 19. Be2 {[%clk 0:47:44]} Bd7 {[%clk 0:41:35]} 20. Nd1
{[%clk 0:44:34]} Rae8 {[%clk 0:35:32]} 21. Bd3 {[%clk 0:31:36]} b5
{[%clk 0:31:31]} 22. Ne3 {[%clk 0:29:08]} Rb8 {[%clk 0:25:24]} 23. Nf5
{[%clk 0:24:24]} Bxf5 {[%clk 0:25:27]} 24. exf5 {[%clk 0:24:15]} Qf6
{[%clk 0:25:36]} 25. b3 {[%clk 0:21:41]} Rfe8 {[%clk 0:22:54]} 26. Re4
{[%clk 0:15:53]} Re7 {[%clk 0:22:54]} 27. h3 {[%clk 0:13:47]} Reb7
{[%clk 0:17:31]} 28. cxb5 {[%clk 0:09:29]} axb5 {[%clk 0:17:50]} 29. Qd2
{[%clk 0:07:56]} Ra7 {[%clk 0:17:18]} 30. Qe2 {[%clk 0:06:49]} Rxa3
{[%clk 0:17:13]} 31. Bxb5 {[%clk 0:06:21]} Rxb3 {[%clk 0:17:26]} 32. Bc6
{[%clk 0:05:33]} Rb2 {[%clk 0:14:47]} 33. Qa6 {[%clk 0:04:50]} Qg5
{[%clk 0:14:04]} 34. Re2 {[%clk 0:04:59]} c4 {[%clk 0:11:35]} 35. Rff2
{[%clk 0:04:04]} Nf3+ {[%clk 0:10:42]} 36. Rxf3 {[%clk 0:02:34]} Rxe2
{[%clk 0:11:09]} 37. g4 {[%clk 0:01:34]} Qc1+ {[%clk 0:11:31]} 38. Rf1
{[%clk 0:02:03]} Qe3+ 0-1

[Event "Wolrd Chess Olympiad 2018"]
[Site "Batumi"]
[Date "2018.09.28"]
[Round "5"]
[Board "4"]
[WhiteFideId "7400713"]
[White "Smith Shreyas"]
[BlackFideId "16000072"]
[Black "Niyibizi Alain Patience"]
[Result "1-0"]
[LiveChessVersion "1.4.8"]
[BlackElo "1756"]
[WhiteElo "2193"]

1. e4 {[%clk 1:30:56]} e6 {[%clk 1:30:39]} 2. Nf3 {[%clk 1:28:17]} d5
{[%clk 1:26:43]} 3. Nc3 {[%clk 1:28:36]} Nf6 {[%clk 1:24:58]} 4. e5
{[%clk 1:28:56]} Nfd7 {[%clk 1:24:47]} 5. d4 {[%clk 1:29:16]} c5 {[%clk 1:23:03]}
6. dxc5 {[%clk 1:29:40]} Bxc5 {[%clk 1:21:30]} 7. Bd3 {[%clk 1:30:01]} Nc6
{[%clk 1:18:10]} 8. Bf4 {[%clk 1:30:22]} d4 {[%clk 1:12:52]} 9. Ne4
{[%clk 1:28:56]} Bb4+ {[%clk 1:10:12]} 10. c3 {[%clk 1:25:59]} dxc3
{[%clk 1:10:11]} 11. bxc3 {[%clk 1:24:54]} Be7 {[%clk 1:09:12]} 12. Qe2
{[%clk 1:20:30]} O-O {[%clk 1:05:09]} 13. Rd1 {[%clk 1:17:25]} Qa5
{[%clk 0:54:41]} 14. Kf1 {[%clk 0:59:33]} Ndxe5 {[%clk 0:48:22]} 15. Bb1
{[%clk 0:46:34]} Ng6 {[%clk 0:41:35]} 16. Bc1 {[%clk 0:46:21]} f5
{[%clk 0:40:00]} 17. Neg5 {[%clk 0:45:37]} Bf6 {[%clk 0:31:37]} 18. h4
{[%clk 0:42:30]} h6 {[%clk 0:26:29]} 19. h5 {[%clk 0:33:49]} Nge5
{[%clk 0:24:40]} 20. Nh3 {[%clk 0:33:37]} Nxf3 {[%clk 0:24:33]} 21. gxf3
{[%clk 0:33:16]} Qxc3 {[%clk 0:23:56]} 22. Bd2 {[%clk 0:29:55]} Qe5
{[%clk 0:22:48]} 23. Be3 {[%clk 0:30:13]} Ne7 {[%clk 0:17:56]} 24. Nf4
{[%clk 0:26:09]} b6 {[%clk 0:13:55]} 25. Rg1 {[%clk 0:18:36]} Kh7
{[%clk 0:11:24]} 26. Qc4 {[%clk 0:15:12]} a5 {[%clk 0:09:56]} 27. Kg2
{[%clk 0:14:53]} b5 {[%clk 0:07:41]} 28. Qc1 {[%clk 0:12:19]} Bg5
{[%clk 0:05:09]} 29. Ng6 {[%clk 0:11:35]} Nxg6 {[%clk 0:04:39]} 30. hxg6+
{[%clk 0:11:58]} Kg8 {[%clk 0:01:05]} 31. f4 {[%clk 0:12:20]} Bxf4
{[%clk 0:00:33]} 32. Bxf4 {[%clk 0:12:42]} Bb7+ {[%clk 0:00:48]} 33. Kf1
{[%clk 0:11:26]} b4 {[%clk 0:00:42]} 34. Bxe5 {[%clk 0:11:21]} 1-0

[Event "Wolrd Chess Olympiad 2018"]
[Site "Batumi"]
[Date "2018.09.28"]
[Round "5"]
[Board "1"]
[WhiteFideId "11800011"]
[White "Berardi Giancarlo"]
[BlackFideId "1950711"]
[Black "Monteiro Antonio"]
[Result "1/2-1/2"]
[LiveChessVersion "1.4.8"]
[BlackElo "1877"]
[WhiteElo "1766"]

1. c4 {[%clk 1:30:51]} Nf6 {[%clk 1:30:47]} 2. g3 {[%clk 1:30:28]} d6
{[%clk 1:29:33]} 3. Bg2 {[%clk 1:30:27]} c5 {[%clk 1:29:24]} 4. Nc3
{[%clk 1:29:08]} Nc6 {[%clk 1:29:32]} 5. Nf3 {[%clk 1:25:40]} e5 {[%clk 1:28:55]}
6. d3 {[%clk 1:24:50]} h6 {[%clk 1:27:31]} 7. a3 {[%clk 1:20:00]} a6
{[%clk 1:26:51]} 8. Nd2 {[%clk 1:16:14]} Be6 {[%clk 1:17:47]} 9. Rb1
{[%clk 1:11:18]} d5 {[%clk 1:14:19]} 10. cxd5 {[%clk 1:10:53]} Nxd5
{[%clk 1:03:55]} 11. O-O {[%clk 1:06:36]} Be7 {[%clk 1:03:43]} 12. Nf3
{[%clk 1:04:03]} O-O {[%clk 1:00:49]} 13. Bd2 {[%clk 1:04:03]} Qd7
{[%clk 0:59:41]} 14. Nxd5 {[%clk 1:03:48]} Bxd5 {[%clk 1:00:06]} 15. Bc3
{[%clk 1:02:37]} Bf6 {[%clk 0:59:43]} 16. b4 {[%clk 1:00:19]} cxb4
{[%clk 0:57:35]} 17. axb4 {[%clk 0:56:49]} b5 {[%clk 0:56:43]} 18. Qc2
{[%clk 0:53:36]} Rfc8 {[%clk 0:47:37]} 19. Qb2 {[%clk 0:51:24]} Qd6
{[%clk 0:43:22]} 20. Rfd1 {[%clk 0:50:53]} Rab8 {[%clk 0:37:09]} 21. e4
{[%clk 0:49:42]} Be6 {[%clk 0:37:03]} 22. d4 {[%clk 0:49:44]} Nxd4
{[%clk 0:36:47]} 23. Nxd4 {[%clk 0:48:55]} exd4 {[%clk 0:37:09]} 24. Bxd4
{[%clk 0:48:58]} Bxd4 {[%clk 0:37:05]} 25. Rxd4 {[%clk 0:48:27]} Qc7
{[%clk 0:36:05]} 26. Rbd1 {[%clk 0:45:37]} Rd8 {[%clk 0:34:05]} 27. Rc1
{[%clk 0:44:01]} Bc4 {[%clk 0:33:00]} 28. Rcd1 {[%clk 0:39:25]} Qb6
{[%clk 0:31:20]} 29. Rd7 {[%clk 0:36:33]} Be6 {[%clk 0:29:55]} 30. R7d4
{[%clk 0:27:57]} Rxd4 {[%clk 0:28:29]} 31. Qxd4 {[%clk 0:22:19]} Qxd4
{[%clk 0:28:33]} 32. Rxd4 {[%clk 0:22:33]} Rc8 {[%clk 0:27:30]} 33. Bf3
{[%clk 0:10:21]} Rc4 {[%clk 0:26:53]} 34. Rxc4 {[%clk 0:09:34]} bxc4
{[%clk 0:26:38]} 35. Kf1 {[%clk 0:09:23]} Kf8 {[%clk 0:26:43]} 36. e5
{[%clk 0:08:38]} c3 {[%clk 0:26:03]} 37. Ke1 {[%clk 0:08:27]} Ke7
{[%clk 0:26:22]} 38. Bb7 {[%clk 0:08:24]} Bc4 {[%clk 0:26:48]} 39. Kd1
{[%clk 0:05:45]} Bd3 {[%clk 0:27:09]} 40. Bd5 {[%clk 0:05:04]} g6
{[%clk 0:25:12]} 41. Bb3 {[%clk 0:34:55]} 1/2-1/2

[Event "Wolrd Chess Olympiad 2018"]
[Site "Batumi"]
[Date "2018.09.28"]
[Round "5"]
[Board "2"]
[WhiteFideId "1928112"]
[White "Pereira Eder Marcio"]
[BlackFideId "11800046"]
[Black "Grassi Enrico"]
[Result "0-1"]
[LiveChessVersion "1.4.8"]
[BlackElo "1965"]
[WhiteElo "1781"]

1. d4 {[%clk 1:30:43]} Nf6 {[%clk 1:30:55]} 2. Bf4 {[%clk 1:31:01]} c5
{[%clk 1:31:13]} 3. e3 {[%clk 1:31:15]} g6 {[%clk 1:31:21]} 4. Nc3
{[%clk 1:28:16]} cxd4 {[%clk 1:31:24]} 5. exd4 {[%clk 1:28:17]} Bg7
{[%clk 1:31:45]} 6. Qd2 {[%clk 1:24:32]} d6 {[%clk 1:30:15]} 7. Nf3
{[%clk 1:24:05]} Qa5 {[%clk 1:24:08]} 8. Be2 {[%clk 1:18:55]} Nc6
{[%clk 1:21:33]} 9. Rd1 {[%clk 1:18:05]} Nd5 {[%clk 1:13:37]} 10. Nxd5
{[%clk 1:11:14]} Qxd5 {[%clk 1:14:00]} 11. c3 {[%clk 1:11:28]} Qxa2
{[%clk 1:07:40]} 12. O-O {[%clk 1:07:59]} Qa5 {[%clk 1:04:31]} 13. Rfe1
{[%clk 1:07:27]} Bg4 {[%clk 1:01:53]} 14. h3 {[%clk 1:01:44]} Bxf3
{[%clk 1:00:11]} 15. Bxf3 {[%clk 1:00:43]} Qc7 {[%clk 0:59:37]} 16. Qe3
{[%clk 0:56:48]} e6 {[%clk 0:56:08]} 17. d5 {[%clk 0:56:17]} Ne5 {[%clk 0:55:44]}
18. dxe6 {[%clk 0:53:46]} fxe6 {[%clk 0:55:58]} 19. Bg4 {[%clk 0:49:40]} O-O
{[%clk 0:44:12]} 20. Bxe6+ {[%clk 0:48:56]} Kh8 {[%clk 0:44:38]} 21. Qg3
{[%clk 0:37:08]} Rae8 {[%clk 0:42:57]} 22. Ba2 {[%clk 0:36:57]} Qb6
{[%clk 0:38:43]} 23. Re2 {[%clk 0:34:52]} Qa6 {[%clk 0:38:26]} 24. Red2
{[%clk 0:17:45]} Qxa2 {[%clk 0:37:43]} 25. h4 {[%clk 0:17:51]} Qf7
{[%clk 0:36:50]} 0-1

[Event "Wolrd Chess Olympiad 2018"]
[Site "Batumi"]
[Date "2018.09.28"]
[Round "5"]
[Board "3"]
[WhiteFideId "11800054"]
[White "Volpinari Danilo"]
[BlackFideId "23600110"]
[Black "Barros Luis"]
[Result "1-0"]
[LiveChessVersion "1.4.8"]
[BlackElo "1774"]
[WhiteElo "1985"]

1. e4 {[%clk 1:30:49]} c5 {[%clk 1:30:48]} 2. c3 {[%clk 1:30:36]} Nc6
{[%clk 1:30:53]} 3. Nf3 {[%clk 1:30:08]} e5 {[%clk 1:29:32]} 4. Bc4
{[%clk 1:26:19]} Nf6 {[%clk 1:29:03]} 5. d3 {[%clk 1:25:06]} d5 {[%clk 1:28:46]}
6. exd5 {[%clk 1:19:23]} Nxd5 {[%clk 1:28:19]} 7. Qb3 {[%clk 1:12:25]} Na5
{[%clk 1:26:25]} 8. Bb5+ {[%clk 1:09:50]} Nc6 {[%clk 1:24:09]} 9. Nxe5
{[%clk 1:08:14]} Qd6 {[%clk 1:21:02]} 10. Nc4 {[%clk 0:48:52]} Qg6
{[%clk 1:16:36]} 11. O-O {[%clk 0:42:05]} Bd7 {[%clk 1:11:06]} 12. Re1+
{[%clk 0:40:46]} Be7 {[%clk 1:10:57]} 13. Ne5 {[%clk 0:37:27]} Qd6
{[%clk 1:05:37]} 14. Nxd7 {[%clk 0:33:23]} Qxd7 {[%clk 1:04:06]} 15. Nd2
{[%clk 0:24:07]} O-O {[%clk 1:01:13]} 16. Ne4 {[%clk 0:21:57]} Rad8
{[%clk 0:57:55]} 17. Be3 {[%clk 0:18:14]} a6 {[%clk 0:54:28]} 18. Bxc6
{[%clk 0:18:04]} Qxc6 {[%clk 0:54:15]} 19. a4 {[%clk 0:17:52]} Rd7
{[%clk 0:53:41]} 20. a5 {[%clk 0:16:01]} f5 {[%clk 0:51:54]} 21. Bg5
{[%clk 0:14:14]} Bxg5 {[%clk 0:46:18]} 22. Nxg5 {[%clk 0:14:37]} Kh8
{[%clk 0:45:45]} 23. Re6 {[%clk 0:13:29]} Qc7 {[%clk 0:41:12]} 24. Rae1
{[%clk 0:11:45]} Qd8 {[%clk 0:39:03]} 25. R6e5 {[%clk 0:06:43]} Nf4
{[%clk 0:35:08]} 26. Nf7+ {[%clk 0:06:08]} Rdxf7 {[%clk 0:32:50]} 27. Qa4
{[%clk 0:01:11]} Rd7 {[%clk 0:31:39]} 28. Qxf4 {[%clk 0:01:34]} Rxd3
{[%clk 0:29:05]} 29. Rxf5 {[%clk 0:01:33]} Rxf5 {[%clk 0:27:58]} 30. Qxf5
{[%clk 0:01:59]} Rd5 {[%clk 0:27:16]} 31. Qf7 {[%clk 0:02:04]} Rd1
{[%clk 0:26:38]} 32. Qe6 {[%clk 0:01:27]} h6 {[%clk 0:24:57]} 33. h3
{[%clk 0:01:05]} Rxe1+ {[%clk 0:25:07]} 34. Qxe1 {[%clk 0:01:30]} Qc7
{[%clk 0:23:28]} 35. Qe8+ {[%clk 0:01:13]} Kh7 {[%clk 0:23:12]} 36. Qe4+
{[%clk 0:01:39]} g6 {[%clk 0:20:28]} 37. b4 {[%clk 0:01:34]} cxb4
{[%clk 0:19:07]} 38. cxb4 {[%clk 0:02:01]} h5 {[%clk 0:18:16]} 39. g3
{[%clk 0:02:04]} Kg7 {[%clk 0:18:08]} 40. Qd4+ {[%clk 0:31:39]} Kf7
{[%clk 0:46:59]} 41. Qd5+ {[%clk 0:23:37]} Kf6 {[%clk 0:46:20]} 42. Kg2
{[%clk 0:23:53]} Qe7 {[%clk 0:45:38]} 43. Qd4+ {[%clk 0:23:05]} Kf7
{[%clk 0:45:16]} 44. h4 {[%clk 0:22:36]} Qc7 {[%clk 0:44:25]} 45. Kf3
{[%clk 0:21:42]} Qc8 {[%clk 0:42:03]} 46. Qf4+ {[%clk 0:20:52]} Ke6
{[%clk 0:40:09]} 47. g4 {[%clk 0:18:27]} Qd7 {[%clk 0:30:15]} 48. gxh5
{[%clk 0:17:35]} Qd1+ {[%clk 0:30:02]} 49. Kg3 {[%clk 0:17:21]} Qg1+
{[%clk 0:29:19]} 50. Kf3 {[%clk 0:16:11]} Qd1+ {[%clk 0:29:10]} 51. Kg2
{[%clk 0:15:19]} Qxh5 {[%clk 0:24:06]} 52. Qe4+ {[%clk 0:14:41]} Kf6
{[%clk 0:22:23]} 53. Qf3+ {[%clk 0:14:06]} Ke5 {[%clk 0:20:19]} 54. Qxh5+
{[%clk 0:13:06]} gxh5 {[%clk 0:20:08]} 55. Kf3 {[%clk 0:08:48]} Kf5
{[%clk 0:18:51]} 56. Ke3 {[%clk 0:07:05]} Kg4 {[%clk 0:18:02]} 57. f4
{[%clk 0:06:46]} Kxh4 {[%clk 0:17:37]} 58. Kf3 {[%clk 0:06:57]} Kh3
{[%clk 0:15:16]} 59. f5 {[%clk 0:07:08]} h4 {[%clk 0:13:15]} 60. f6
{[%clk 0:07:22]} Kh2 {[%clk 0:12:12]} 61. f7 {[%clk 0:07:36]} b5 {[%clk 0:10:58]}
62. axb6 {[%clk 0:06:19]} h3 {[%clk 0:10:47]} 63. f8=Q {[%clk 0:06:33]} Kh1
{[%clk 0:10:56]} 64. Qc8 {[%clk 0:05:50]} Kh2 {[%clk 0:11:02]} 65. Qc2+
{[%clk 0:05:38]} Kh1 {[%clk 0:11:06]} 1-0

[Event "Wolrd Chess Olympiad 2018"]
[Site "Batumi"]
[Date "2018.09.28"]
[Round "5"]
[Board "4"]
[WhiteFideId "23600179"]
[White "Fernandes Luis De Pina"]
[BlackFideId "11800038"]
[Black "Righi Ezio"]
[Result "0-1"]
[LiveChessVersion "1.4.8"]
[BlackElo "2031"]
[WhiteElo "1654"]

1. e4 {[%clk 1:30:47]} c5 {[%clk 1:30:49]} 2. Nf3 {[%clk 1:31:00]} e6
{[%clk 1:30:58]} 3. d4 {[%clk 1:30:46]} cxd4 {[%clk 1:31:15]} 4. Nxd4
{[%clk 1:31:00]} a6 {[%clk 1:31:35]} 5. Nc3 {[%clk 1:29:10]} Qc7 {[%clk 1:31:21]}
6. a3 {[%clk 1:26:37]} Bc5 {[%clk 1:29:46]} 7. Nb3 {[%clk 1:24:11]} Be7
{[%clk 1:28:03]} 8. Be3 {[%clk 1:24:07]} Nf6 {[%clk 1:28:03]} 9. Bd3
{[%clk 1:23:25]} d6 {[%clk 1:27:00]} 10. h3 {[%clk 1:22:19]} Nbd7
{[%clk 1:27:02]} 11. Bf4 {[%clk 1:19:29]} O-O {[%clk 1:25:08]} 12. O-O
{[%clk 1:13:11]} b5 {[%clk 1:24:51]} 13. Bg3 {[%clk 1:02:03]} Bb7
{[%clk 1:24:27]} 14. Re1 {[%clk 0:57:58]} Rac8 {[%clk 1:24:09]} 15. Qe2
{[%clk 0:57:11]} e5 {[%clk 1:21:55]} 16. Rac1 {[%clk 0:52:26]} Rfe8
{[%clk 1:18:17]} 17. f4 {[%clk 0:47:45]} exf4 {[%clk 1:14:49]} 18. Bxf4
{[%clk 0:47:53]} Ne5 {[%clk 1:15:08]} 19. Bxe5 {[%clk 0:45:29]} dxe5
{[%clk 1:15:30]} 20. Nd1 {[%clk 0:44:31]} Bf8 {[%clk 1:10:24]} 21. c4
{[%clk 0:43:24]} Qb6+ {[%clk 1:08:47]} 22. Qf2 {[%clk 0:40:27]} Qe6
{[%clk 1:04:05]} 23. Qe2 {[%clk 0:33:36]} Red8 {[%clk 0:50:57]} 24. Nf2
{[%clk 0:24:00]} Qb6 {[%clk 0:42:22]} 25. cxb5 {[%clk 0:19:39]} axb5
{[%clk 0:42:30]} 26. Kh1 {[%clk 0:17:49]} Bc6 {[%clk 0:39:53]} 27. Rc2
{[%clk 0:11:02]} b4 {[%clk 0:39:25]} 28. axb4 {[%clk 0:10:34]} Qxb4
{[%clk 0:35:00]} 29. Nd2 {[%clk 0:07:50]} Bb7 {[%clk 0:33:09]} 30. Bc4
{[%clk 0:06:26]} Qa5 {[%clk 0:28:57]} 31. b3 {[%clk 0:06:52]} Bb4
{[%clk 0:28:58]} 32. Rec1 {[%clk 0:06:02]} Bxd2 {[%clk 0:26:51]} 33. Rd1
{[%clk 0:01:00]} Bb4 {[%clk 0:26:28]} 34. Rxd8+ {[%clk 0:01:25]} Rxd8
{[%clk 0:26:12]} 35. Ra2 {[%clk 0:01:30]} Qb6 {[%clk 0:25:45]} 36. Nd3
{[%clk 0:01:25]} Bc3 {[%clk 0:21:43]} 37. Nf2 {[%clk 0:01:00]} Bd4
{[%clk 0:21:49]} 0-1

[Event "World Chess Olympiad 2018"]
[Site "Batumi"]
[Date "2018.09.28"]
[Round "5"]
[Board "2"]
[WhiteFideId "8710651"]
[White "Mohamed Ali Djama"]
[BlackFideId "21100306"]
[Black "Garber Ousainou"]
[Result "1/2-1/2"]
[LiveChessVersion "1.4.8"]
[BlackElo "1701"]
[WhiteElo "1662"]

1. e4 {[%clk 1:30:57]} e5 {[%clk 1:30:49]} 2. Nf3 {[%clk 1:31:20]} Nc6
{[%clk 1:30:49]} 3. Bc4 {[%clk 1:31:38]} Be7 {[%clk 1:30:21]} 4. O-O
{[%clk 1:31:41]} Nf6 {[%clk 1:30:44]} 5. Re1 {[%clk 1:31:50]} O-O
{[%clk 1:30:34]} 6. c3 {[%clk 1:32:13]} d6 {[%clk 1:29:02]} 7. h3
{[%clk 1:32:38]} a6 {[%clk 1:28:46]} 8. d4 {[%clk 1:33:03]} Na5 {[%clk 1:27:37]}
9. Bd3 {[%clk 1:32:40]} Nc6 {[%clk 1:25:20]} 10. Nbd2 {[%clk 1:32:37]} b5
{[%clk 1:25:32]} 11. Nf1 {[%clk 1:32:36]} Re8 {[%clk 1:24:13]} 12. Ng3
{[%clk 1:32:46]} b4 {[%clk 1:21:26]} 13. d5 {[%clk 1:32:20]} Na7 {[%clk 1:18:17]}
14. cxb4 {[%clk 1:31:20]} c6 {[%clk 1:18:22]} 15. Bg5 {[%clk 1:30:12]} Nxd5
{[%clk 1:16:05]} 16. exd5 {[%clk 1:24:17]} Bxg5 {[%clk 1:15:50]} 17. Qc2
{[%clk 1:23:40]} cxd5 {[%clk 1:14:08]} 18. Bxh7+ {[%clk 1:23:30]} Kh8
{[%clk 1:14:06]} 19. Nxg5 {[%clk 1:22:59]} Qxg5 {[%clk 1:13:57]} 20. Bd3
{[%clk 1:23:10]} e4 {[%clk 1:13:46]} 21. Qe2 {[%clk 1:13:42]} f5 {[%clk 1:09:46]}
22. f4 {[%clk 1:07:29]} Qxg3 {[%clk 1:09:34]} 23. Qh5+ {[%clk 1:07:58]} Kg8
{[%clk 1:07:45]} 24. Qxe8+ {[%clk 1:06:03]} Kh7 {[%clk 1:08:01]} 25. Qh5+
{[%clk 1:02:33]} Kg8 {[%clk 1:07:50]} 26. Qe8+ {[%clk 0:48:01]} Kh7
{[%clk 1:06:08]} 27. Qh5+ {[%clk 0:35:01]} Kg8 28. Qe8+ {[%clk 0:34:12]} Kh7
{[%clk 1:03:34]} 1/2-1/2

[Event "World Chess Olympiad 2018"]
[Site "Batumi"]
[Date "2018.09.28"]
[Round "5"]
[Board "1"]
[WhiteFideId "21400113"]
[White "Mimbasa Kutesa Willy"]
[BlackFideId "16100212"]
[Black "Ali Abdullahi Farah"]
[Result "1-0"]
[LiveChessVersion "1.4.8"]
[BlackElo "2000"]
[WhiteElo "1760"]

1. e4 {[%clk 1:30:35]} e5 {[%clk 1:30:59]} 2. Nf3 {[%clk 1:30:37]} Nc6
{[%clk 1:31:29]} 3. Bc4 {[%clk 1:30:19]} Bc5 {[%clk 1:31:52]} 4. c3
{[%clk 1:29:22]} Nf6 {[%clk 1:32:21]} 5. O-O {[%clk 1:26:47]} O-O
{[%clk 1:27:39]} 6. d4 {[%clk 1:26:47]} exd4 {[%clk 1:27:10]} 7. cxd4
{[%clk 1:26:37]} Bb6 {[%clk 1:27:18]} 8. e5 {[%clk 1:25:54]} Ne4 {[%clk 1:24:48]}
9. Bd5 {[%clk 1:23:57]} Nc5 {[%clk 1:20:41]} 10. dxc5 {[%clk 1:23:43]} Bxc5
{[%clk 1:21:11]} 11. Bg5 {[%clk 1:23:14]} Qe8 {[%clk 1:20:43]} 12. Re1
{[%clk 1:22:58]} h6 {[%clk 1:20:44]} 13. Bh4 {[%clk 1:22:56]} Ne7
{[%clk 1:20:19]} 14. Bb3 {[%clk 1:22:43]} Nf5 {[%clk 1:20:12]} 15. Bg3
{[%clk 1:22:34]} Nxg3 {[%clk 1:20:22]} 16. hxg3 {[%clk 1:22:43]} b6
{[%clk 1:19:04]} 17. Nc3 {[%clk 1:22:50]} Bb4 {[%clk 1:18:00]} 18. Qd3
{[%clk 1:22:25]} Bxc3 {[%clk 1:16:09]} 19. bxc3 {[%clk 1:22:19]} Qe7
{[%clk 1:15:01]} 20. Nh4 {[%clk 1:22:12]} Rd8 {[%clk 1:10:42]} 21. Bc2
{[%clk 1:21:05]} g6 {[%clk 1:00:05]} 22. Nxg6 {[%clk 1:20:12]} Qg5
{[%clk 1:00:19]} 23. Ne7+ {[%clk 1:19:27]} Kf8 {[%clk 1:00:17]} 24. Nxc8
{[%clk 1:19:19]} Raxc8 {[%clk 1:00:39]} 25. Qh7 {[%clk 1:19:04]} c5
{[%clk 0:59:57]} 26. Re4 {[%clk 1:18:50]} Ke7 {[%clk 0:56:06]} 27. Rf4
{[%clk 1:18:31]} Rf8 {[%clk 0:54:04]} 28. Re1 {[%clk 1:18:19]} b5
{[%clk 0:53:08]} 29. Qd3 {[%clk 1:17:40]} c4 {[%clk 0:52:57]} 30. Qd6+
{[%clk 1:17:25]} Ke8 {[%clk 0:53:25]} 31. Rf6 {[%clk 1:17:00]} Rc6
{[%clk 0:50:54]} 32. Qd1 {[%clk 1:15:45]} Rc7 {[%clk 0:42:53]} 33. Bf5
{[%clk 1:14:46]} Kd8 {[%clk 0:41:19]} 34. Qd6 {[%clk 1:14:38]} Re8
{[%clk 0:41:37]} 35. Rxf7 {[%clk 1:13:48]} Re7 {[%clk 0:40:20]} 36. Rf8+
{[%clk 1:12:26]} Re8 {[%clk 0:40:05]} 37. Rxe8+ {[%clk 1:12:38]} Kxe8
{[%clk 0:40:33]} 38. Bg6+ {[%clk 1:12:45]} 1-0